Κατάλογος Βιβλιοθηκών Mediterranean College

The Macroeconomy Today / Sixth Edition (Record no. 26)

MARC details
000 -LEADER
fixed length control field 01144cam a22002054a 4500
005 - ΗΜΕΡΟΜΗΝΙΑ ΚΑΙ ΩΡΑ ΤΕΛΕΥΤΑΙΑΣ ΕΝΗΜΕΡΩΣΗΣ
Πεδίο ελέγχου 20250605163921.0
008 - FIXED-LENGTH DATA ELEMENTS--GENERAL INFORMATION
Πεδίο ελέγχου σταθερού μήκους 250528s ||||||||||||||||||||||||d
035 ## - SYSTEM CONTROL NUMBER
System control number 14392
020 ## - ISBN
ISBN 70563039
040 ## - ΠΗΓΗ ΚΑΤΑΛΟΓΟΓΡΑΦΗΣΗΣ
Φορέας πρωτότυπης καταλογογράφησης MC Athens Campus Library
Γλώσσα καταλογογράφησης Ελληνικά, Μοντέρνα (1453-)
Modifying agency MC Athens Campus Library
Κανόνες περιγραφικής καταλογογράφησης AACR2
245 1# - ΤΙΤΛΟΣ ΚΑΙ ΔΗΛΩΣΗ ΥΠΕΥΘΥΝΟΤΗΤΑΣ
Τίτλος The Macroeconomy Today / Sixth Edition
250 ## - EDITION STATEMENT
Edition statement 6th
260 ## - PUBLICATION, DISTRIBUTION, ETC.
Name of publisher, distributor, etc. Mcgraw Hill, Inc,
Date of publication, distribution, etc. 1994
300 ## - PHYSICAL DESCRIPTION
Extent 574
520 ## - SUMMARY, ETC.
Summary, etc. Preface, An Overview, The American Economy, Supply and Demand, Major Problems, The Business Cycle, Unemployment, Inflation, National-Income Accounting, Fiscal Policy Options, Aggregate Spending, Potential Instability, Fiscal Policy, Deficits and Debt, Monetary Policy Options, Money and Banks, The Federal Reserve System, Monetary Policy, Policy Options: Supply-Side Approaches, Supply-Side Policies, Economic Growth: Sources and Limits, Current Policies, Global Macro, Theory and Reality, International Economic and Comparative Systems, International Trade, International Finance, International Development, The Collapse of Communism, Glossary, Index, Problem Set.
700 1# - ΠΡΟΣΘΕΤΗ ΑΝΑΓΡΑΦΗ--ΦΥΣΙΚΟ ΠΡΟΣΩΠΟ
Personal name Schiller R. Bradley
9 (RLIN) 6
942 ## - ADDED ENTRY ELEMENTS (KOHA)
Koha item type Books
Holdings
Τύπος τεκμηρίου Βιβλιοθήκη Τρέχουσα τοποθεσία Barcode Αριθμός εισαγωγής Ημερομηνία απόκτησης Ταξιθετικό σύμβολο Αριθμός αντιτύπου Κατάσταση απόσυρσης Κατάσταση χαμένου Κατάσταση κατεστραμμένου Μη δανεισμός Σύνολο δανεισμών Ημερομηνία τελευταίας εμφάνισης Η τιμή ισχύει από
Books MC Athens Campus Library MC Athens Campus Library 9780000000255 1118 05/06/2025 339 SCH 1           05/06/2025 05/06/2025

MC Athens Campus Library
Πατησίων 94 & Κοδριγκτώνος 13, 104 34
Πελλήνης 8 & Πατησίων 107, 112 51
Τ: +30 210 8899600

MC Thessaloniki Campus Library
Ίωνος Δραγούμη 21, 54625 | Ίωνος Δραγούμη 15, 54625
Τ: +30 2310 287779 – Τ: +30 2314 440300